Géographie - Les 20 villes les plus peuplées des Ardennes - Statistiques

Statistiques générales
  • Ce quiz a été pris 33 fois
  • Le résultat moyen est 9 sur 20
Statistiques - réponses
HINT HINT ANSWER % Correct
45 634 C Charleville-Mézières
100%
16 727 S Sedan
100%
7 435 R Rethel
85%
6 356 G Givet
74%
3 862 V Vouziers
70%
5 795 R Revin
63%
5 548 N Nouzonville
56%
3 118 F Fumay
44%
2 745 C Carignan
37%
3 628 V Villers-Semeuse
37%
4 947 B Bogny-sur-Meuse
33%
2 811 V Vivier-au-Court
33%
2 256 R Rocroi
26%
3 524 V Vrigne aux Bois
26%
2 459 B Bazeilles
22%
2 277 F Floing
22%
2 149 D Douzy
19%
2 155 M Monthermé
19%
2 235 N Nouvion-sur-Meuse
19%
2 236 M Mouzon
11%
Aucun quiz correspondant
Distribution des résultats
% des personnes avec chaque résultat
Percentile par nombre de réponses
Votre historique - résultats
Vous n’avez pas pris ce quiz